00577nam a22001817a 450000500170000001000150001702000260003203500140005803700130007208200100008510000240009524500910011926000450021027000590025530000270031450000370034170000170037820180419112430.0 aENG-122466 a9788171393879c900.00 aEN-105998 bDBAD/PUB a578.7 aMohd. Azharul Haque aBiodiversity extinction and deforestation /cby Mohd. Azharul Haque [and] Tanmoy Rudra aNew DelhibJnanada Prakashan (P&D)c2017 a4837/2, 24, Ansari Road, Daryaganj,bNew Delhie110002 a300p.bill. c21cm(Hb) aInclude bibliography [and] index dTanmoy Rudra